Mixed Word: One Word Bands II Quiz Stats

 Plays Quiz Updated Mar 13, 2012

Support Sporcle.
Go Orange.
Score 0/16 Timer 03:00
0 Plays Today
Hint Band % Correct
BABAAbba
99.4%
TILLit
98.1%
LOOTTool
96.3%
SUMEMuse
95.7%
NORKKorn
93.6%
UAAQAqua
92.7%
DRECECreed
88.7%
MACERCream
81.7%
Hint Band % Correct
RANTITrain
71.2%
AAAAABMNNRBananarama
52.5%
CPOLLDYAColdplay
40.7%
RYRCUKBEHCBuckcherry
28.2%
GRIEFORNEForeigner
27.8%
LICELAAMITMetallica
22.2%
RAREAPMOParamore
18.7%
FUSEILOEHLifehouse
16%

From the Vault

50 Flicks to Click (2019)

by Theflash43

Movies 7m
If you're like us, you've already forgotten everything that happened last year.
Remove Ads.
Support Sporcle.
Get the best of Sporcle when you Go Orange. This ad-free experience offers more features, more stats, and more fun while also helping to support Sporcle. Thank you for becoming a member.

Show Comments

Extras

Top Quizzes Today


Score Distribution

Your Account Isn't Verified!

In order to create a playlist on Sporcle, you need to verify the email address you used during registration. Go to your Sporcle Settings to finish the process.

Report this User

Report this user for behavior that violates our Community Guidelines.

Details: